=LDR 00000nam 2200000 4500 =001 INLIS000000000021382 =005 20130612120240 =008 ***********************************Ind** =035 ##$$0010-061300000021382 =041 ##$$a Ind =082 ##$$a 420.7 =090 ##$$a 420.7, Hea e =100 ##$$a HEASLEY, Brendan =245 ##$$a English In Use for SMU 2A Year 2 First Semester English Syllabus 1994, okh Brendan Heasley, Masker =260 ##$$a 1995 $b Jakarta =300 ##$$a xii, 122 hlm, Ilus, 25 cm =700 ##$$a MASKUR =850 ##$$a NBPNMAT